The parent app : (Record no. 3631)
[ view plain ]
| 000 -LEADER | |
|---|---|
| fixed length control field | 01553cam a2200229 4500 |
| 001 - CONTROL NUMBER | |
| control field | 4390 |
| 005 - DATE AND TIME OF LATEST TRANSACTION | |
| control field | 20181127173316.0 |
| 008 - FIXED-LENGTH DATA ELEMENTS--GENERAL INFORMATION | |
| fixed length control field | 120217s2013 enk b 001 0 eng |
| 010 ## - LIBRARY OF CONGRESS CONTROL NUMBER | |
| LC control number | 2012006687 |
| 020 ## - INTERNATIONAL STANDARD BOOK NUMBER | |
| International Standard Book Number | 9780199899616 (alk. paper) |
| 042 ## - AUTHENTICATION CODE | |
| Authentication code | pcc |
| 100 1# - MAIN ENTRY--PERSONAL NAME | |
| Personal name | Clark, Lynn Schofield. |
| 245 14 - TITLE STATEMENT | |
| Title | The parent app : |
| Remainder of title | understanding families in the digital age / |
| Statement of responsibility, etc. | Lynn Schofield Clark. |
| 260 ## - PUBLICATION, DISTRIBUTION, ETC. | |
| Place of publication, distribution, etc. | Oxford ; |
| -- | New York : |
| Name of publisher, distributor, etc. | Oxford University Press, |
| Date of publication, distribution, etc. | c2013. |
| 300 ## - PHYSICAL DESCRIPTION | |
| Extent | xx, 299 p. ; |
| Dimensions | 25 cm. |
| 504 ## - BIBLIOGRAPHY, ETC. NOTE | |
| Bibliography, etc. note | Includes bibliographical references (p. 275-291) and index. |
| 505 0# - FORMATTED CONTENTS NOTE | |
| Formatted contents note | Risk, digital media, and parenting in a digital age -- Cyberbullying girls, helicopter moms, and internet predators -- Strict parents, gamer high school dropouts, and shunned overachievers -- Identity 2.0 : young people and digital and mobile media -- Less advantaged teens, ethnicity, and digital and mobile media : respect, restriction, and reversal -- Communication in families : expressive empowerment and respectful connectedness -- How parents are mediating the media in middle class and in less advantaged homes -- Media rich and time poor : the emotion work of parenting in the digital age -- Parenting in a digital age : the mediatization of family life and the need to act. |
| 650 #0 - SUBJECT ADDED ENTRY--TOPICAL TERM | |
| Topical term or geographic name entry element | Internet |
| General subdivision | Social aspects. |
| Topical term or geographic name entry element | Internet and families. |
| Topical term or geographic name entry element | Parent and child. |
| 856 ## - ELECTRONIC LOCATION AND ACCESS | |
| Host name | |
| Uniform Resource Identifier | <a href="http://books.google.bt/books?vid=ISBN9780199899616&printsec=frontcover&redir_esc=y#v=onepage&q&f=true">http://books.google.bt/books?vid=ISBN9780199899616&printsec=frontcover&redir_esc=y#v=onepage&q&f=true</a> |
| Link text | Link to Google Books Copy(Incomplete version). |
| Public note | |
| Materials specified | |
| Withdrawn status | Lost status | Source of classification or shelving scheme | Damaged status | Not for loan | Collection code | Home library | Current library | Shelving location | Date acquired | Serial Enumeration / chronology | Inventory number | Total Checkouts | Full call number | Barcode | Date last seen | Price effective from | Koha item type |
|---|---|---|---|---|---|---|---|---|---|---|---|---|---|---|---|---|---|
| Dewey Decimal Classification | Main TEST | RTC Library | RTC Library | Main opac | 12/01/2022 | 7946 | 302.23 CLA | 30006971 | 12/01/2022 | 27/11/2018 | Main |